000 00615nam a2200217Ia 4500
005 20241129104201.0
008 241129s9999||||xx |||||||||||||| ||und||
020 _a9780745341828
037 _aTextual
040 _aRTL
_beng
_cRTL
041 _aeng
_2eng
084 _aW287:(W:5) R1
_qRTL
100 _aSaltmarsh Chris
_9725142
245 0 _aBurnt: Fighting for climate justice
_cSaltmarsh Chris
260 _aNew York
_bPluto Press
_c2021
300 _avii,146p.
365 _aINR
_b1008.99
650 _aEnvironmental Studies
942 _cTB
_hW287:(W:5) R1
999 _c1224781
_d1224781